000 00300nam a22001337a 4500
008 170224b xxu||||| |||| 00| 0 eng d
020 _a9780976852612
041 _aeng
080 _a617
100 _a5
101 _ashk
245 _aTHE EMOTIONAL FIRST + AID KIT
_cALEXANDER, C.L
942 _2udc
_cBK
999 _c6222
_d6222